الإنفرادات الفقهية لابن تيمية عن الأئمة الأربعة في العبادات : دراسة مقارنة /
Saved in:
| Main Author: | |
|---|---|
| Other Authors: | |
| Format: | Thesis |
| Language: | Arabic |
| Published: |
Irbid :
Jami'at al-Yarmuk,
2003
|
| Subjects: | |
| Tags: |
Add Tag
No Tags, Be the first to tag this record!
|
| LEADER | 018320000a22003130004500 | ||
|---|---|---|---|
| 008 | 141216s2003 jo f 000 0 ara d | ||
| 040 | |a UIAM |b eng | ||
| 041 | |a ara | ||
| 050 | 0 | |a BP174 | |
| 100 | 1 | |a أبو الهيجاء، يحيى محمود محمد | |
| 242 | 1 | 3 | |a al-Infiradat al-fiqhiyah li-Ibn Taymiyah 'an al-a'immah al-arba'ah fi al-ibadat : |b dirasah muqaranah |
| 245 | 1 | 2 | |a الإنفرادات الفقهية لابن تيمية عن الأئمة الأربعة في العبادات : |b دراسة مقارنة / |c مقدمة من الطالب، يحيى محمود محمد أبو الهيجاء |
| 260 | |a Irbid : |b Jami'at al-Yarmuk, |c 2003 | ||
| 300 | |a xiv, 363 leaves ; |c 30 cm. | ||
| 500 | |a "قدمت هذه الرسالة إستكمالا لمتطلبات درجة الماجستير في جامعة اليرموك تخصص الفقه" --.On t.p. | ||
| 500 | |a | ||
| 502 | |a Thesis (M.A.)--Jami'at al-Yarmuk, 2003. | ||
| 504 | |a Includes bibliographical references (leaves 343-363). | ||
| 596 | |a 1 | ||
| 600 | 1 | 0 | |a Ibn Taymiyah, Ahmad ibn 'Abd al-Halim, |d 1263-1328 |x Criticism and interpretation |
| 650 | 0 | |a Islam |x Customs and practices | |
| 650 | 0 | |a Islamic law |v Comparative studies | |
| 655 | |a Theses, Facsimile edition (Islamic) | ||
| 700 | 1 | |a Abu al-Hayja', Yahaya Mahmud Muhammad | |
| 710 | 2 | |a جامعة اليرموك. |b كلية الشريعة. والدراسات الاسلامية. قسم الفقه والدراسات الاسلامية | |
| 710 | 2 | |a Jami'at al-Yarmuk. |b Kulliyat al-Shari'ah wa al-Dirasat al-Islamiyah. Qism al-Fiqh wa al-Dirasat al-Islamiyah | |
| 900 | |a arf-rmd-sar | ||
| 999 | |c 433260 |d 466905 | ||
| 952 | |0 0 |6 TI BP 000174 A1652I 2003 |7 0 |8 THESES |9 754745 |a IIUM |b IIUM |c MULTIMEDIA |g 390.00 |o ti BP 174 A1652I 2003 |p 00011273884 |r 2017-10-23 |t 1 |v 390.00 |y THESIS | ||
